000 00657nam a2200241Ia 4500
003 OSt
005 20220918174443.0
006 a|||||r|||| 00| 0
007 ta
008 220917b |||||||| |||| 00| 0 eng d
024 _a12,283
037 _cTextual
040 _aARTS
_cARTS
_beng
041 _2eng
_aeng
082 _aS8, K72
100 _aJones Edward E.
_950562
245 0 _aFoundations of social psychology Edward E Jones and Harold B Gerard
260 _c1967
650 _aSOCIAL PSYCHOLOGY
700 _a Gerard Harold B
_950563
942 _hS8, K72
_cTEXL
_2CC
999 _c153279
_d153279